000 00742nam a2200205 4500
001 121022
003 ES-MaACL
005 20230906191654.0
007 t|
008 070214s1956 sp r ||||1| spa d
080 _a329(042)
100 1 _aPonce de León, Luis.
_992951
245 1 3 _aLo derechista, lo izquierdista y lo revolucionario :
_bconferencia del día 21 de diciembre de 1956 /
_cpor Luis Ponce de León.
260 _aMadrid :
_b[s.n.,
_c1956] (
_fBlass, imp.)
300 _a29 p. ;
_c18 cm.
594 _aPrecede al tít.: "Tribuna José Antonio", Lugartenencia Provincial de la Guardia de Franco en Madrid.
650 4 _aDerecha (Política)
_911600
650 4 _aIzquierda (Política)
_913924
852 _aES-MaACL
_j1997-F-6
999 _c121022
_d121022